Judiciary-led reforms in Singapore framework, strategies, and lessons
Guardado en:
| Autor principal: | |
|---|---|
| Formato: | Libro |
| Lenguaje: | inglés |
| Publicado: |
Washington, D.C.
<The> World Bank
2007
|
| Colección: | Directions in development
|
| Materias: | |
| Etiquetas: |
Sin Etiquetas, Sea el primero en etiquetar este registro!
|
MARC
| LEADER | 00000nam$a2200000$$$4500 | ||
|---|---|---|---|
| 001 | 0075915 | ||
| 005 | 20240315115517.2 | ||
| 020 | |a 0-8213-5376-4 | ||
| 020 | |a 978-0-8213-5376-9 | ||
| 041 | 0 | |a eng | |
| 044 | |a US | ||
| 245 | 1 | 0 | |a Judiciary-led reforms in Singapore |b framework, strategies, and lessons |c Waleed Haider Malik |
| 264 | 1 | |a Washington, D.C. |b <The> World Bank |c 2007 | |
| 300 | |a 115 s. | ||
| 490 | 1 | |a Directions in development | |
| 830 | 0 | |a Directions in development | |
| 610 | 2 | 0 | |a obyvateľstvo |
| 610 | 2 | 0 | |a politika |
| 610 | 2 | 0 | |a politika hospodárska |
| 610 | 2 | 0 | |a súdnictvo |
| 610 | 2 | 0 | |a nezávislosť |
| 610 | 2 | 0 | |a reformy |
| 610 | 2 | 0 | |a zamestnanosť |
| 610 | 2 | 0 | |a rozpočty |
| 610 | 2 | 0 | |a príjmy |
| 610 | 2 | 0 | |a zákony |
| 610 | 2 | 0 | |a legislatíva |
| 610 | 2 | 0 | |a plánovanie |
| 610 | 2 | 0 | |a modernizácia |
| 610 | 2 | 0 | |a Singapur |
| 100 | 1 | |a Malik, Waleed Haider | |